000
00261nmm a2200085Ia 4500
008
220120s9999||||xx |||||||||||||||||und||
100
_a
DIGIT SEPTEMBER 2010
_9
11229
245
0
_a
1000 mega wallpaper collection, short films
260
_a
Nine dot nine interactive ltd.
999
_c
139497
_d
139497